Qamoos al-sawaq wal-auraq malliya (Record no. 1435394)

MARC details
000 -LEADER
fixed length control field 00845 a2200241 4500
005 - DATE AND TIME OF LATEST TRANSACTION
control field 20260107121246.0
008 - FIXED-LENGTH DATA ELEMENTS--GENERAL INFORMATION
fixed length control field 260107b |||||||| |||| 00| 0 eng d
020 ## - INTERNATIONAL STANDARD BOOK NUMBER
International Standard Book Number 9953334366 (hbk)
037 ## - SOURCE OF ACQUISITION
Terms of availability REF
040 ## - CATALOGING SOURCE
Original cataloging agency CRL
Transcribing agency CRL
041 ## - LANGUAGE CODE
Source of code ARB
Language code of text/sound track or separate title ARB
084 ## - COLON CLASSIFICATION NUMBER
Classification number P111:4(X651)k 28P4
Item number CRL
245 ## - TITLE STATEMENT
Title Qamoos al-sawaq wal-auraq malliya
Remainder of title (Lexicon of stock market terms)
260 ## - PUBLICATION, DISTRIBUTION, ETC.
Place of publication, distribution, etc. Beirut, Lebanon:
Name of publisher, distributor, etc. Librairie du liban publishers,
Date of publication, distribution, etc. 2002.
300 ## - PHYSICAL DESCRIPTION
Extent 371p.
365 ## - TRADE PRICE
Price amount 1900.00
Currency code INR
546 ## - LANGUAGE NOTE
Language note English-Arabic
650 ## - SUBJECT ADDED ENTRY--TOPICAL TERM
Topical term or geographic name entry element English Language-Lexicon
9 (RLIN) 862538
650 ## - SUBJECT ADDED ENTRY--TOPICAL TERM
Topical term or geographic name entry element Arabic Language-Lexicon
9 (RLIN) 862539
650 ## - SUBJECT ADDED ENTRY--TOPICAL TERM
Topical term or geographic name entry element Stock Market
9 (RLIN) 862540
942 ## - ADDED ENTRY ELEMENTS (KOHA)
Koha item type Textbook
Source of classification or shelving scheme Colon Classification (CC)
Suppress in OPAC No
Classification part P111:4(X651)k 28P4
Holdings
Withdrawn status Lost status Source of classification or shelving scheme Damaged status Not for loan Home library Current library Date acquired Source of acquisition Cost, normal purchase price Inventory number Total Checkouts Full call number Barcode Date last seen Cost, replacement price Price effective from Koha item type
    Colon Classification (CC)     Central Library Central Library 2025-11-20 Nadwi Publications 1520.00 104 & 14.11.2025   P111:4(X651)k 28P4 CL1924568 2025-11-20 1900.00 2025-11-20 Textbook
Copyright @ Delhi University Library System